LEADER 01578nam 2200385Ia 450 001 996389909403316 005 20210104172046.0 035 $a(CKB)4940000000095887 035 $a(EEBO)2240900271 035 $a(OCoLC)ocn838168539e 035 $a(OCoLC)838168539 035 $a(EXLCZ)994940000000095887 100 $a20130411d1627 uy 0 101 0 $aeng 135 $aurbn||||a|bb| 200 10$aArticles to be enqvired of in the trienniall visitation of the Diocesse of Exeter$b[electronic resource] $eHolden anno 1627. By authority of the most Reuerend father in God, George Lord Archbishop of Canterbury His Grace, Primate of all England and Metropolitan 210 $aImprinted at London $c[B. Norton and J. Bill]$d1627 215 $a[22] p 300 $aPrinters' names suggested by STC (2nd ed.). 300 $aPrinter's device on t.p. (McK. 248); headpieces; tailpiece; initials. 300 $aSignatures: A-B? C? (-C4) (text is complete). 300 $aReproduction of original in: Marsh's Library. 330 $aeebo-0088 606 $aVisitations, Ecclesiastical$vEarly works to 1800 608 $aPrinters' devices (Printing)$zEngland$zLondon$y1627.$2rbpri 615 0$aVisitations, Ecclesiastical 701 $aAbbot$b George$f1562-1633.$01002222 702 $aNorton$b Bonham$f1565-1635, 702 $aBill$b John$fd. 1630, 801 0$bUMI 801 1$bUMI 906 $aBOOK 912 $a996389909403316 996 $aArticles to be enqvired of in the trienniall visitation of the Diocesse of Exeter$92414039 997 $aUNISA